Identification of and attention for highly able in Lima
Gorde:
| Egile nagusia: | |
|---|---|
| Formatua: | Liburua |
| Hizkuntza: | ingelesa |
| Argitaratua: |
Katholieke Universiteit Nijmegen
2000
|
| Gaiak: | |
| Etiketak: |
Etiketa erantsi
Etiketarik gabe, Izan zaitez lehena erregistro honi etiketa jartzen!
|
MARC
| LEADER | 00000cam a2200000 a 4500 | ||
|---|---|---|---|
| 001 | UCF6069 | ||
| 003 | CL-VaPUC | ||
| 008 | 130411e20000000NE |||||||||||||||||eng|d | ||
| 082 | 0 | 4 | |a 371.95 |b BLU |2 21 |
| 100 | 0 | |a Blumen Cohen, Sheyla |e author |9 568082 | |
| 245 | 1 | 0 | |a Identification of and attention for highly able in Lima |
| 300 | |a 211 p | ||
| 942 | |c BK | ||
| 945 | |d 20130411 00:00:00 |a dcastane | ||
| 260 | |b Katholieke Universiteit Nijmegen |c 2000 | ||
| 650 | 7 | |a NIÑOS DOTADOS |2 CL-VaPUC |9 340955 | |
| 650 | 0 | |a Inteligencia |9 267038 | |
| 650 | 0 | |a Tests psicológicos |9 308644 | |
| 650 | 7 | |a ORIENTACION PSICOLOGICA |2 CL-VaPUC |9 311637 | |
| 651 | 7 | |a LIMA |2 CL-VaPUC |9 350186 | |
| 651 | 0 | |a Perú |9 256567 | |
| 583 | |a last modification |c 20130411 10:22:00 |k Rodrigo Vera | ||
| 999 | |c 351417 |d 351415 | ||
| 952 | |0 0 |1 0 |4 0 |6 371_950000000000000_BLU_2000 |7 0 |8 A |9 455504 |a BIBEDU |b BIBEDU |d 2019-11-22 |i 4961447 |o 371.95 BLU 2000 |p 4961447 |r 2019-11-22 |w 2019-11-22 |y BK |k PSI | ||